युगान्तर अमर कवीश्वर है / (Record no. 211643)
[ view plain ]
| 000 -LEADER | |
|---|---|
| fixed length control field | 00799nam a22002057a 4500 |
| 005 - DATE AND TIME OF LATEST TRANSACTION | |
| control field | 20250606153325.0 |
| 010 ## - LCCN (DPL NO) | |
| LC control number | HIN-12971 |
| 020 ## - INTERNATIONAL STANDARD BOOK NUMBER | |
| Terms of availability | 2285.00 |
| International Standard Book Number | 9789356365162 |
| 035 ## - SYSTEM CONTROL NUMBER | |
| System control number | HN-102137 |
| 037 ## - SOURCE OF ACQUISITION | |
| Source of stock number/acquisition | DBAD/PUB |
| 082 ## - DEWEY DECIMAL CLASSIFICATION NUMBER | |
| Classification number | 821 |
| 100 ## - MAIN ENTRY--PERSONAL NAME | |
| Personal name | शर्मा ,मदन 'सुधाकर |
| 245 ## - TITLE STATEMENT | |
| Title | युगान्तर अमर कवीश्वर है / |
| Statement of responsibility, etc | मदन शर्मा 'सुधाकर ' |
| 250 ## - EDITION STATEMENT | |
| Edition statement | प्रथम |
| 260 ## - PUBLICATION, DISTRIBUTION, ETC. (IMPRINT) | |
| Place of publication, distribution, etc | मेरठ |
| Name of publisher, distributor, etc | डोकवाल प्रकाशन |
| Date of publication, distribution, etc | 2022 |
| 270 ## - ADDRESS | |
| Address | डोकवाल भवन ,38 /4,अजंता कॉलोनी गढ़ रोड |
| 300 ## - PHYSICAL DESCRIPTION | |
| Extent | 284पृ.; |
| Dimensions | 24 सेमी (सजिल्द) |
| 710 ## - ADDED ENTRY--CORPORATE NAME | |
| 9 (RLIN) | 59840 |
| 942 ## - ADDED ENTRY ELEMENTS (KOHA) | |
| Source of classification or shelving scheme | Dewey Decimal Classification |
| Item type | Hindi Books |
| Call number suffix | सुधाक |
| Classification part | 821 |
| Withdrawn status | Lost status | Not for loan | Collection code | Home library | Current library | Date acquired | Source of acquisition | Cost, normal purchase price | Full call number | Barcode | Copy number | Cost, replacement price | Koha item type |
|---|---|---|---|---|---|---|---|---|---|---|---|---|---|
| Non-fiction | Sarojini Nagar | Sarojini Nagar | 06/06/2025 | DBAD | 2285.00 | सुधाक 821 | HN-102137 | 1 | 2285.00 | Hindi Books |
